000 00894cam a2200181ua 4500
020 _c1.00
041 _amal
_h
082 _a894.812308
_bBHA/SY
100 _aBharathi, Amma .
110 1 _aBharathi .
_bAmma
_c()
245 _aSyamaladevi
260 _aQuilon :
_bM.S Book Depot ,
_c1960.
300 _a88 ; .
365 _a1.00
504 _a
942 _cBK
999 _c3619
_d3619